MARC details
| 000 -CABECERA |
| campo de control de longitud fija |
01785nam a2200289 a 4500 |
| 001 - NÚMERO DE CONTROL |
| campo de control |
000015040 |
| 005 - FECHA Y HORA DE LA ÚLTIMA TRANSACCIÓN |
| campo de control |
20260210110716.0 |
| 008 - DATOS DE LONGITUD FIJA--INFORMACIÓN GENERAL |
| campo de control de longitud fija |
100129s2000 dr a 000 0 spa d |
| 020 ## - NÚMERO INTERNACIONAL ESTÁNDAR DEL LIBRO |
| Número Internacional Estándar del Libro |
9993401382 |
| 040 ## - FUENTE DE LA CATALOGACIÓN |
| Centro catalogador/agencia de origen |
DO-SdBNP |
| Lengua de catalogación |
spa |
| Centro/agencia transcriptor |
BNPHU |
| 082 ## - NÚMERO DE LA CLASIFICACIÓN DECIMAL DEWEY |
| Número de clasificación |
972.93 |
| Número de documento/Ítem |
G934m, 2000 |
| 100 1# - ENTRADA PRINCIPAL--NOMBRE DE PERSONA |
| Nombre de persona |
Guerrero Pichardo, Gustavo |
| 9 (RLIN) |
34039 |
| 245 13 - MENCIÓN DE TÍTULO |
| Título |
Magnicidios en dominicana : |
| Resto del título |
las muertes de Pepillo Salcedo, Ulises Heureaux, Mon Cáceres y Trujillo / |
| Mención de responsabilidad, etc. |
Gustavo Guerrero. |
| 250 ## - MENCIÓN DE EDICIÓN |
| Mención de edición |
2º ed. |
| 260 ## - PUBLICACIÓN, DISTRIBUCIÓN, ETC. |
| Lugar de publicación, distribución, etc. |
Santo Domingo : |
| Nombre del editor, distribuidor, etc. |
Librería La Trinitaria, |
| Fecha de publicación, distribución, etc. |
2000. |
| 300 ## - DESCRIPCIÓN FÍSICA |
| Extensión |
69 p. : |
| Otras características físicas |
il. ; |
| Dimensiones |
21 cm. |
| 500 ## - NOTA GENERAL |
| Nota general |
Incluye notas al pie de las páginas |
| 505 0# - NOTA DE CONTENIDO CON FORMATO |
| Información miscelánea |
Preámbulo -- |
| Título |
Una descarga cerrada corta la vida de Pepillo Salcedo en la playa de Maimón -- |
| -- |
Notables asesinatos políticos en nuestro país -- |
| Información miscelánea |
La muerte del coloso Ulises Heureaux -- |
| Título |
Motivos de su muerte -- |
| -- |
Con rumbo al Cibao -- |
| -- |
Llegada a Moca -- |
| -- |
Día de la tragedia -- |
| -- |
¡Sálvese el que pueda! -- |
| -- |
Los conjurados -- |
| -- |
Lealtad en Perico Pepín -- |
| -- |
Otras tramas para matarlo -- |
| -- |
Anécdota jocosa -- |
| -- |
La historia se repite -- |
| Información miscelánea |
La muerte del Presidente Cáceres -- |
| Título |
Motivos de la conspiración -- |
| -- |
El día de la tragedia -- |
| -- |
Inútil la mano derecha -- |
| -- |
Capturan a Luis Tejera -- |
| -- |
Trasladan el cadáver -- |
| Información miscelánea |
¡Al fin desaparece Trujillo! -- |
| Título |
La palanca oculta -- |
| -- |
La conspiración. |
| 600 14 - PUNTO DE ACCESO ADICIONAL DE MATERIA--NOMBRE DE PERSONA |
| Nombre de persona |
SALCEDO, JOSÉ ANTONIO, |
| Fechas asociadas al nombre |
1816-1864 |
| 9 (RLIN) |
34040 |
| 600 10 - PUNTO DE ACCESO ADICIONAL DE MATERIA--NOMBRE DE PERSONA |
| Nombre de persona |
Heureaux, Ulises, |
| Fechas asociadas al nombre |
1845-1899 |
| 9 (RLIN) |
598 |
| 600 14 - PUNTO DE ACCESO ADICIONAL DE MATERIA--NOMBRE DE PERSONA |
| Nombre de persona |
CÁCERES, RAMÓN, |
| Fechas asociadas al nombre |
1866-1911 |
| 9 (RLIN) |
196 |
| 600 10 - PUNTO DE ACCESO ADICIONAL DE MATERIA--NOMBRE DE PERSONA |
| Nombre de persona |
Trujillo Molina, Rafael Leónidas, |
| Fechas asociadas al nombre |
1891-1961 |
| 9 (RLIN) |
76764 |
| 650 #4 - PUNTO DE ACCESO ADICIONAL DE MATERIA--TÉRMINO DE MATERIA |
| Término de materia o nombre geográfico como elemento de entrada |
Homicidio político |
| Subdivisión geográfica |
República Dominicana |
| 9 (RLIN) |
11383 |
| 650 #0 - PUNTO DE ACCESO ADICIONAL DE MATERIA--TÉRMINO DE MATERIA |
| Término de materia o nombre geográfico como elemento de entrada |
Delitos políticos |
| 9 (RLIN) |
34041 |
| 651 #0 - PUNTO DE ACCESO ADICIONAL DE MATERIA--NOMBRE GEOGRÁFICO |
| Nombre geográfico |
República Dominicana |
| Subdivisión general |
Política y gobierno |
| 9 (RLIN) |
45 |
| 910 ## - DATOS DE OPCIÓN DEL USUARIO (OCLC) |
| Datos de opción del usuario |
Validado. Control de calidad BNPHU |